LEADER 01221nam a2200253 i 4500 001 000000145172 003 CaOOAMICUS 005 20051117000000.0 008 051117s1956 it u000 u ita u 013 $a120564 040 $aSeMil$bita 100 1 $aConvegno di Studi Filosofici Cristiani tra Professori Universitari <11. ; 1955>.$0(OLS)http://semarc/name/57917 245 13$aLa fenomenologia /$cAntonelli ... [et al.]. 260 $aBrescia :$bMorcelliana,$c1956. 300 $a283 p. [1] c. di tav. (fot.) ;$c26 cm. 490 0 $aAtti dei Convegni di studi filosofici cristiani tra professori universitari ;$v11. 650 4$aFenomenologia - Filosofia.$0(OLS)http://semarc/subject/1114 650 4$aFilosofia - Atti di congressi.$0(OLS)http://semarc/subject/57 700 1 $aAntonelli, Maria Teresa.$0(OLS)http://semarc/name/31594 830 0$aAtti dei Convegni di studi filosofici cristiani tra professori universitari ;$v11.$0(OLS)http://semarc/title/19555 850 $aSeMil 852 $aSeMil$W1$xVenegono$y1$m2R V 161$j97990$B97990$CSeMilBibl$Z2$F105868 $81 996 $6245$aLa fenomenologia$9(OLS)http://semarc/title/162465 996 $6260$aBrescia :$bMorcelliana$9(OLS)http://semarc/publisher/29629 LEADER 01164nam a2200265 4500 001 000000361258 003 CaOOAMICUS 005 20241223152623.0 008 241220s2024 it 000 u ita r 020 $a978-88-514-2844-0 040 $aSeMil$bita 100 1 $aAlliata, Paolo,$c.$0(OLS)http://semarc/name/14442 245 13$aLa voce leggera delle pagine :$bintrecci di letteratura e spiritualitā /$cPaolo Alliata. 264 1$aMilano :$bĀncora,$c2024. 300 $a265 p. ;$c21 cm 490 1 $aMaestri di frontiera 650 4$aLetteratura e spiritualitā.$0(OLS)http://semarc/subject/5145 830 0$aMaestri di frontiera.$0(OLS)http://semarc/title/23026 850 $aSeMil 852 $aSeMil$W1$xVenegono$y1$m1O II 431$j253637$B252233$CSeMilBibl$Z2$F252233 $81 961 $aAlliata don Paolo - Omaggio -- Con dedica 996 $6020$a978-88-514-2844-0$9(OLS)http://semarc/number/302169 996 $6245$aLa voce leggera delle pagine :$bintrecci di letteratura e spiritualitā$9(OLS)http://semarc/title/451940 996 $6264$aMilano :$bĀncora$9(OLS)http://semarc/publisher/29763